| 000 | 004290000a22001690004500 | ||
|---|---|---|---|
| 003 | MACL | ||
| 005 | 20160101131049.0 | ||
| 008 | 160101b xxu||||| |||| 00| 0 eng d | ||
| 040 |
_aMACL _cMACL |
||
| 041 | _aEnglish | ||
| 082 | _a336.54/SHA | ||
| 100 |
_aShah, K T _925443 |
||
| 245 | _aSixty Years of Indian Finance | ||
| 260 |
_bP S King & Son Ltd _c1927 _aBombay |
||
| 650 |
_aEconomics _926309 |
||
| 942 |
_cBK _k336.54/SHA _2ddc |
||
| 999 |
_c36636 _d36636 |
||